000 00541nam a2200181Ia 4500
001 20553
005 20260306172814.0
008 260306t2014||||xx |||||||||||||| ||spa||
041 _aESP
082 _a343.4
_bF48A
100 _aFigueroa Gutarra, Edwin
_eAUT
245 0 _aEL derecho a la debida motivación:
_bpronunciamientos del TC sobre la obligación de justificar las decisiones judiciales y administrativas
260 _c2014
300 _a230 páginas :
_c24 cm.
650 _aGEN
654 _aCDE
942 _cLIB
_dJUS
_fJUS
_2ddc
_n
999 _c20553
_d20553